Ohio by Picture - Statistics

General Stats
  • This quiz has been taken 33 times
    12 since last reset
  • The average score is 11 of 16
Answer Stats
Picture Hint Answer % Correct
great lake Lake Erie
100%
inventors Wright Brothers
100%
city Cincinnati
91%
first man on the Moon Neil Armstrong
91%
state tree Buckeye
82%
city Cleveland
82%
city Dayton
82%
city Toledo
82%
industrial region The {Rust} Belt
73%
company Wendy's
73%
actress Halle Berry
55%
president William McKinley
55%
amusement park Cedar Point
45%
national park {Cuyahoga} Valley
45%
orbited Earth three times John Glenn
36%
historic east-west highway National Road
9%
No matching quizzes found
Score Distribution
Percent of People with Each Score
Percentile by Number Answered
Your Score History
You have not taken this quiz since the last reset